000 00355 a2200169 4500
001 71431
020 _a8532226825
040 _cAnchieta - Colégio São Paulo
100 _aBernardinho, Adriana
240 1 0 _aThór
_lpor
245 1 0 _aThór
300 _a16
362 0 _a1997
440 1 _aFTD
650 4 _aLiteratura infanto-juvenil
942 _cBK
999 _c71431
_d71431